MARC details
| 000 -CABECERA |
| campo de control de longitud fija |
01612nam a2200373 a 4500 |
| 001 - NÚMERO DE CONTROL |
| campo de control |
000112448 |
| 003 - IDENTIFICADOR DEL NÚMERO DE CONTROL |
| campo de control |
CHAP |
| 005 - FECHA Y HORA DE LA ÚLTIMA TRANSACCIÓN |
| campo de control |
20220329144306.0 |
| 008 - DATOS DE LONGITUD FIJA--INFORMACIÓN GENERAL |
| campo de control de longitud fija |
160328s2014 mx |r| |1|||||spa d |
| 010 ## - NÚMERO DE CONTROL DE LA BIBLIOTECA DEL CONGRESO |
| Número de control de LC |
108909 |
| 011 ## - ENLACE DEL NUMERO DE CONTROL DE LA BIBLIOTECA DEL CONGRESO [OBSOLETO] |
| Número de control de LC |
109881 |
| 040 ## - FUENTE DE LA CATALOGACIÓN |
| Centro/agencia transcriptor |
CHAP |
| 082 04 - NÚMERO DE LA CLASIFICACIÓN DECIMAL DEWEY |
| Número de clasificación |
323.445 |
| Número de documento/Ítem |
S47 2013 |
| 111 10 - ENTRADA PRINCIPAL--NOMBRE DE CONGRESO/REUNIÓN |
| Nombre de congreso/reunión o jurisdicción como elemento de entrada |
Seminario Internacional de Transparencia Judicial |
| Número del congreso/reunión o número de parte o sección |
(4: |
| Fecha del congreso/reunión |
2013 : |
| Sede del congreso/Lugar de la reunión |
[México, D.F.]) |
| 9 (RLIN) |
130726 |
| 245 10 - MENCIÓN DE TÍTULO |
| Título |
Seminario internacional de transparencia judicial 2013. Acceso a la información y protección de datos : |
| Resto del título |
un ejercicio de derechos fundamentales. Tópicos de transparencia / |
| Mención de responsabilidad, etc. |
por El Poder Judicial de la Federación. |
| 260 ## - PUBLICACIÓN, DISTRIBUCIÓN, ETC. |
| Lugar de publicación, distribución, etc. |
México : |
| Nombre del editor, distribuidor, etc. |
Suprema Corte de Justicia de la Nación : |
| -- |
Consejo de la Judicatura Federal : |
| -- |
Tribunal Electoral del Poder Judicial de la Federación, |
| Fecha de publicación, distribución, etc. |
2014. |
| 300 ## - DESCRIPCIÓN FÍSICA |
| Extensión |
361 p. |
| 590 ## - NOTA LOCAL (RLIN) |
| Nota local |
BATCH-UPD |
| Procedencia (VM) [OBSOLETO] |
05 |
| Condición del los carretes individuales (VM) [OBSOLETO] |
20160329 |
| -- |
UCH01 |
| -- |
1018 |
| 590 ## - NOTA LOCAL (RLIN) |
| Nota local |
BATCH-UPD |
| Procedencia (VM) [OBSOLETO] |
10 |
| Condición del los carretes individuales (VM) [OBSOLETO] |
20160408 |
| -- |
UCH01 |
| -- |
1318 |
| 590 ## - NOTA LOCAL (RLIN) |
| Nota local |
E11695DGD |
| Procedencia (VM) [OBSOLETO] |
10 |
| Condición del los carretes individuales (VM) [OBSOLETO] |
20160407 |
| -- |
UCH01 |
| -- |
1154 |
| 590 ## - NOTA LOCAL (RLIN) |
| Nota local |
E11695DGD |
| Procedencia (VM) [OBSOLETO] |
10 |
| Condición del los carretes individuales (VM) [OBSOLETO] |
20160408 |
| -- |
UCH01 |
| -- |
1317 |
| 590 ## - NOTA LOCAL (RLIN) |
| Nota local |
E6096MTM |
| Procedencia (VM) [OBSOLETO] |
05 |
| Condición del los carretes individuales (VM) [OBSOLETO] |
20160328 |
| -- |
UCH01 |
| -- |
1505 |
| 590 ## - NOTA LOCAL (RLIN) |
| Nota local |
E6096MTM |
| Procedencia (VM) [OBSOLETO] |
05 |
| Condición del los carretes individuales (VM) [OBSOLETO] |
20160329 |
| -- |
UCH01 |
| -- |
1017 |
| 590 ## - NOTA LOCAL (RLIN) |
| Nota local |
E6096MTM |
| Procedencia (VM) [OBSOLETO] |
05 |
| Condición del los carretes individuales (VM) [OBSOLETO] |
20160329 |
| -- |
UCH01 |
| -- |
1017 |
| 590 ## - NOTA LOCAL (RLIN) |
| Nota local |
E6096MTM |
| Procedencia (VM) [OBSOLETO] |
05 |
| Condición del los carretes individuales (VM) [OBSOLETO] |
20160329 |
| -- |
UCH01 |
| -- |
1018 |
| 590 ## - NOTA LOCAL (RLIN) |
| Nota local |
E6096MTM |
| Procedencia (VM) [OBSOLETO] |
05 |
| Condición del los carretes individuales (VM) [OBSOLETO] |
20160329 |
| -- |
UCH01 |
| -- |
1018 |
| 650 14 - PUNTO DE ACCESO ADICIONAL DE MATERIA--TÉRMINO DE MATERIA |
| Término de materia o nombre geográfico como elemento de entrada |
Libertad de información |
| Subdivisión general |
Leyes y legislación |
| Subdivisión geográfica |
México. |
| 9 (RLIN) |
130733 |
| 650 14 - PUNTO DE ACCESO ADICIONAL DE MATERIA--TÉRMINO DE MATERIA |
| Término de materia o nombre geográfico como elemento de entrada |
Protección de datos |
| Subdivisión general |
Legislación |
| Subdivisión geográfica |
México. |
| 9 (RLIN) |
130735 |
| 650 14 - PUNTO DE ACCESO ADICIONAL DE MATERIA--TÉRMINO DE MATERIA |
| Término de materia o nombre geográfico como elemento de entrada |
Transparencia en el gobierno |
| Subdivisión geográfica |
México. |
| 9 (RLIN) |
130734 |
| 710 10 - PUNTO DE ACCESO ADICIONAL--NOMBRE DE ENTIDAD CORPORATIVA |
| Nombre de entidad corporativa o nombre de jurisdicción como elemento de entrada |
Poder Judicial de la Federación. |
| 9 (RLIN) |
130728 |
| 901 ## - ELEMENTOS DE DATOS A LOCAL LDA (RLIN) |
| a |
BK |
| 942 ## - ELEMENTOS DE PUNTO DE ACCESO ADICIONAL (KOHA) |
| Tipo de ítem Koha |
Libro |
| 942 ## - ELEMENTOS DE PUNTO DE ACCESO ADICIONAL (KOHA) |
| Suprimir en OPAC |
0 |